[Event "3rd Open"]
[Site "Malaga ESP"]
[Date "2000.03.02"]
[Round "7"]
[White "Vera,R"]
[Black "Rozentalis,E"]
[Result "1/2-1/2"]
[WhiteElo "2546"]
[BlackElo "2553"]

1.d4 Nf6 2.c4 e6 3.Nc3 Bb4 4.Qc2 O-O 5.a3 Bxc3+ 6.Qxc3 b6 7.Bg5 Ba6 8.e3 d6
9.Bd3 Nbd7 10.Ne2 Rc8 11.b4 h6 12.Bh4 Ne4 13.Bxe4 Qxh4 14.Bc6 Nb8 15.Bf3 c6
16.O-O Nd7 17.Qc2 d5 18.cxd5 cxd5 19.Qa4 Bxe2 20.Bxe2 Rc7 21.Rfc1 Rfc8 22.Qd1 Nf6
23.g3 Qe4 24.Rxc7 Rxc7 25.Rc1 Rxc1 26.Qxc1 Qf5 27.a4 g5 28.f3 h5 29.Qd1 g4
30.f4 Qh7 31.Bd3 Qh8 32.Qc2 Kg7 33.Qc7 h4  1/2-1/2

[Event "Oz.com qualifier blitz"]
[Site "Internet ICC"]
[Date "2000.03.05"]
[Round "6"]
[White "Golod,V"]
[Black "Rechlis,G"]
[Result "1-0"]
[WhiteElo "2566"]
[BlackElo "2507"]

1.d4 Nf6 2.c4 e6 3.Nc3 Bb4 4.Qc2 O-O 5.a3 Bxc3+ 6.Qxc3 Ne4 7.Qc2 f5 8.g3 b6
9.Bg2 Bb7 10.Nf3 Qc8 11.O-O d6 12.Rd1 Nd7 13.d5 Ndf6 14.dxe6 Ng4 15.Rf1 Qxe6
16.Nd4 Qf6 17.Nb5 a6 18.Nc3 Qd4 19.Nxe4 Bxe4 20.Qd2 Qxd2 21.Bxd2 Bxg2 22.Kxg2 Rae8
23.e3 Ne5 24.Rac1 Nd3 25.Rc2 a5 26.b4 axb4 27.axb4 Ra8 28.Bc3 Ra4 29.Rb1 Re8
30.Rd2 Ne5 31.c5 Nc4 32.Rd4 b5 33.cxd6 Nxd6 34.Rd5 Ra2 35.Rb2 Rea8 36.Rc5 Ne4
37.Rxa2 Rxa2 38.Rxc7 Rxf2+ 39.Kg1 g5 40.Be5 Rb2 41.Bxb2  1-0

[Event "FSIMC March"]
[Site "Budapest HUN"]
[Date "2000.03.07"]
[Round "2"]
[White "Kahn,E"]
[Black "Ackermann,HW"]
[Result "1-0"]
[WhiteElo "2301"]
[BlackElo "2314"]

1.d4 Nf6 2.c4 e6 3.Nc3 Bb4 4.Qc2 O-O 5.Bg5 h6 6.Bh4 d6 7.e3 Bxc3+ 8.Qxc3 Nbd7
9.Bd3 b6 10.f3 Qe8 11.Ne2 Bb7 12.O-O a5 13.b3 Nh7 14.a3 f5 15.b4 Nhf6 16.Bf2 Kh8
17.Qc2 Qf7 18.d5 exd5 19.Bxf5 dxc4 20.Nf4 Ne5 21.bxa5 g5 22.Ng6+ Nxg6 23.Bxg6 Qg7
24.axb6 cxb6 25.h3 Nd7 26.Bf5 Ne5 27.e4 d5 28.Rae1 Rad8 29.exd5 Rxd5 30.Be4 Rb5
31.Bxb7 Rb2 32.Qe4 Rxf2 33.Qxe5 Rd2 34.Qxg7+  1-0

[Event "FSIMA March"]
[Site "Budapest HUN"]
[Date "2000.03.07"]
[Round "2"]
[White "Jakab,A"]
[Black "Eperjesi,L"]
[Result "1/2-1/2"]
[WhiteElo "2354"]
[BlackElo "2365"]

1.d4 Nf6 2.c4 e6 3.Nc3 Bb4 4.Qc2 O-O 5.a3 Bxc3+ 6.Qxc3 d6 7.Nf3 Nbd7 8.g3 b6
9.Bg2 Bb7 10.O-O Qe7 11.b3 c5 12.Bb2 Rac8 13.Rac1 Be4 14.Nh4 Bxg2 15.Nxg2 cxd4
16.Qxd4 Nc5 17.Qc3 Rfd8 18.Ba1 a6 19.Ne3 Qb7 20.Rfd1 b5 21.cxb5 axb5 22.Qb4 Ne8
23.a4 bxa4 24.Qxb7 Nxb7 25.bxa4 Ra8 26.Rd4 Nc5 27.Rcc4 Nb3 28.Rd1 Nc5 29.Bd4  1/2-1/2

[Event "FSIMB March"]
[Site "Budapest HUN"]
[Date "2000.03.07"]
[Round "2"]
[White "Rajlich,V"]
[Black "Gara,T"]
[Result "1-0"]
[WhiteElo "2309"]
[BlackElo "2299"]

1.d4 Nf6 2.c4 e6 3.Nc3 Bb4 4.Qc2 O-O 5.a3 Bxc3+ 6.Qxc3 Ne4 7.Qc2 f5 8.Nh3 b6
9.f3 Nf6 10.e3 Bb7 11.Bd3 c5 12.dxc5 bxc5 13.O-O Nc6 14.b3 Qe7 15.Bb2 Rad8
16.Rfe1 Ba6 17.Rad1 d5 18.Nf4 dxc4 19.Bxc4 Bxc4 20.Qxc4 Na5 21.Qxe6+ Qxe6
22.Nxe6 Rxd1 23.Rxd1 Rc8 24.Bxf6 gxf6 25.Nxc5 Rxc5 26.b4 Rb5 27.bxa5 Rxa5
28.Rd3 Kf7 29.Kf2 Ke6 30.Rc3 h6 31.Ke2 Kd5 32.Kd3 Ra4 33.g3 h5 34.Kc2 Ra6
35.Kb2 Re6 36.Rd3+ Kc5 37.Rc3+ Kd5 38.a4 Rb6+ 39.Rb3 Re6 40.Rb5+ Kc4 41.Rxf5 Rxe3
42.Rf4+ Kd5 43.Rxf6 Re2+ 44.Kc3 Rxh2 45.Rh6 Rh3 46.Kd3 Kc5 47.Ke3 Rxg3 48.Rxh5+ Kd6
49.Rh7 a5 50.Rh5 Rg8 51.Rxa5  1-0

[Event "It"]
[Site "Tel Aviv ISR"]
[Date "2000.03.21"]
[Round "2"]
[White "Botvinnik,M2"]
[Black "Gershon,A"]
[Result "0-1"]
[WhiteElo "2274"]
[BlackElo "2471"]

1.d4 Nf6 2.c4 e6 3.Nc3 Bb4 4.Qc2 O-O 5.a3 Bxc3+ 6.Qxc3 b6 7.Bg5 Bb7 8.f3 d5
9.e3 h6 10.Bh4 Nbd7 11.cxd5 Nxd5 12.Bxd8 Nxc3 13.Bh4 Nd5 14.Bf2 f5 15.Bb5 c6
16.Bd3 a5 17.Ne2 Ba6 18.Bxa6 Rxa6 19.O-O b5 20.Rac1 Rc8 21.Rfe1 a4 22.e4 fxe4
23.fxe4 N5b6 24.Nf4 e5 25.dxe5 Nxe5 26.Bxb6 Rxb6 27.Rc5 Re8 28.Re2 Rb7 29.h3 Rf7
30.Nh5 g6 31.Ng3 Rd7 32.Rec2 Re6 33.Ne2 Rd1+ 34.Kh2 Nc4 35.Nc3 Rd2 36.Rxd2 Nxd2
37.Na2 Nxe4 38.Rc2 c5 39.Nc3 Nxc3 40.Rxc3 c4 41.Rc2 Re3 42.Kg1 Kf7 43.Kf2 Rb3
44.Ke2 Ke6 45.Kd1 Kd5 46.Kc1 Kd4 47.Rd2+ Rd3 48.Rf2 h5 49.Rf4+ Kc5 50.Kc2 Rg3
51.Rf2 b4 52.axb4+ Kxb4 53.Re2 h4 54.Rd2 g5 55.Re2 a3 56.bxa3+ Rxa3 57.Kb1 Ra5
58.Re3 Rf5 59.g3 c3 60.gxh4 Kb3 61.Re1 gxh4 62.Rg1 Rf2 63.Re1 Rb2+ 64.Ka1 Ra2+  0-1

[Event "Israeli League"]
[Site "Ramat Aviv ISR"]
[Date "2000.03.24"]
[Round "7"]
[White "Golod,V"]
[Black "Tsesarsky,I"]
[Result "1-0"]
[WhiteElo "2566"]
[BlackElo "2458"]

1.d4 Nf6 2.c4 e6 3.Nc3 Bb4 4.Qc2 O-O 5.a3 Bxc3+ 6.Qxc3 Ne4 7.Qc2 f5 8.g3 b6
9.Bg2 Bb7 10.Nf3 Nf6 11.b4 Be4 12.Qc3 d6 13.O-O Nbd7 14.Bb2 Qe8 15.Ne1 Bxg2
16.Nxg2 Qf7 17.Rad1 Rae8 18.f3 e5 19.d5 Qh5 20.Qc2 Qh3 21.e3 g5 22.Ne1 Rf7
23.Qg2 Qh5 24.Rd2 e4 25.f4 gxf4 26.exf4 e3 27.Rc2 Re4 28.Nf3 h6 29.Nd4 Ng4
30.Qf3 Ndf6 31.Re1 Kh7 32.Ree2 a6 33.Ne6 c5 34.bxc5 bxc5 35.Rc1 Kg6 36.Bxf6 Kxf6
37.Rb2 Kg6 38.Qe2 Nf2 39.Rc3 Nd1 40.Rc1 Nxb2 41.Qxb2 Rxc4 42.Rf1 Kh7 43.Nd8 Rd7
44.Ne6 Re7 45.Nf8+ Kg8 46.Ne6 Qf7 47.Qb8+ Kh7 48.Qxd6 Rc2 49.Qd8 Rd2 50.Qd6 Rb7
51.Nf8+ Kg8 52.Ng6 Qxd5 53.Qxd5+ Rxd5 54.Re1 Rd3 55.a4 Ra3 56.Ne5 Rb4 57.Kg2 Rbxa4
58.Rd1 Rd4 59.Rb1 Rd2+ 60.Kh3 Raa2 61.g4 e2 62.gxf5 Rd1 63.Rb8+ Kg7 64.Rb7+ Kf8
65.f6 Ra3+ 66.Kg4  1-0

[Event "Cat XI Spring"]
[Site "Kiev UKR"]
[Date "2000.03.25"]
[Round "4"]
[White "Kruppa,Y"]
[Black "Iordachescu,V"]
[Result "1/2-1/2"]
[WhiteElo "2561"]
[BlackElo "2560"]

1.d4 Nf6 2.c4 e6 3.Nc3 Bb4 4.Qc2 O-O 5.a3 Bxc3+ 6.Qxc3 b6 7.Bg5 Ba6 8.e3 d6
9.b4 Nbd7 10.f3 c5 11.dxc5 bxc5 12.b5 Bb7 13.Nh3 h6 14.Bf4 d5 15.Bg3 a6 16.cxd5  1/2-1/2

[Event "Women's Open"]
[Site "St Petersburg RUS"]
[Date "2000.04.07"]
[Round "1"]
[White "Sirotkina,N"]
[Black "Kursova,M"]
[Result "1/2-1/2"]
[WhiteElo "2284"]
[BlackElo "2091"]

1.d4 Nf6 2.c4 e6 3.Nc3 Bb4 4.Qc2 O-O 5.Bg5 c5 6.dxc5 Bxc5 7.e3 Nc6 8.Nf3 b6
9.a3 Be7 10.Be2 Bb7 11.O-O Rc8 12.Rfd1 Na5 13.Ne5 d5 14.b4 Nc6 15.Nf3 Qc7
16.Nb5 Qb8 17.Qb2 Ng4 18.cxd5 Bxg5 19.dxc6 Bf6 20.Nbd4 Bxc6 21.h3 Ne5 22.Nxe5 Bxe5
23.Rac1 Qb7 24.Bf1 Bd5 25.Rxc8 Rxc8 26.Rc1 h6 27.Qd2 Rxc1 28.Qxc1 Qc7 29.Qxc7  1/2-1/2

[Event "Women's Open"]
[Site "St Petersburg RUS"]
[Date "2000.04.09"]
[Round "3"]
[White "Sirotkina,N"]
[Black "Rakitskaja,M"]
[Result "1/2-1/2"]
[WhiteElo "2284"]
[BlackElo "2162"]

1.d4 Nf6 2.c4 e6 3.Nc3 Bb4 4.Qc2 O-O 5.Bg5 b6 6.a3 Bxc3+ 7.Qxc3 d6 8.e3 Nbd7
9.Bd3 Bb7 10.f3 Rc8 11.b4 c5 12.dxc5 bxc5 13.Nh3 Qb6 14.b5 d5 15.O-O d4 16.Qd2 e5
17.Bf5 Rcd8 18.Nf2 h6 19.Bh4 g5 20.Bg3 Nh5 21.exd4 cxd4 22.Rfe1 Nxg3 23.hxg3 Nc5
24.Rad1 Rfe8 25.Kh2 Kg7 26.Bb1 Bc8 27.g4 Qd6 28.Kg1 Bb7 29.Qc2 Qg6 30.Qxg6+ fxg6
31.Nd3 Nxd3 32.Bxd3 Rc8 33.Rb1 h5 34.gxh5 gxh5 35.b6 axb6 36.Rxb6 Bc6 37.Kf2 Rc7
38.Rh1 Rh8 39.a4 g4 40.a5 gxf3 41.gxf3 Rf8 42.Rg1+ Kh8 43.Ke1 Rg8 44.Rxg8+ Kxg8
45.Kf2 h4 46.Bf5 Kg7 47.a6 Ba8 48.Rg6+ Kf7 49.Rb6 Ke7 50.Re6+ Kf7 51.Rb6 Ke7
52.Re6+  1/2-1/2

[Event "Millennium Masters"]
[Site "Oakham ENG"]
[Date "2000.04.11"]
[Round "1"]
[White "Hummel,P"]
[Black "Ward,C"]
[Result "0-1"]
[WhiteElo "2347"]
[BlackElo "2509"]

1.d4 Nf6 2.c4 e6 3.Nc3 Bb4 4.Qc2 O-O 5.a3 Bxc3+ 6.Qxc3 b5 7.cxb5 c6 8.Bg5 h6
9.Bxf6 Qxf6 10.g3 cxb5 11.Bg2 Nc6 12.Bxc6 dxc6 13.Rc1 Bd7 14.Nf3 Rfd8 15.O-O Be8
16.Qa5 Qe7 17.e3 f6 18.Rc5 Rd5 19.Rxd5 exd5 20.Nd2 h5 21.Qc3 h4 22.Qc2 Qe6
23.Qd1 hxg3 24.hxg3 Qh3 25.Qf3 Bh5 26.Qf4 Rf8 27.Qh4 Qf5 28.Rc1 Be8 29.Rc3 g5
30.Qh1 Kg7 31.e4 dxe4 32.Qxe4 Kg6 33.Rc5 Qxe4 34.Nxe4 Bd7 35.Rc3 Be6 36.Nc5 Bd5
37.Re3 Rh8 38.Kf1 Rh1+ 39.Ke2 Rb1 40.b4 Rb2+ 41.Ke1 Ra2 42.g4 Ra1+ 43.Ke2 f5
44.gxf5+ Kxf5 45.Rc3 Bc4+ 46.Ke3 Re1+ 47.Kf3 Bd5+ 48.Kg3 Rg1+ 49.Kh3 g4+  0-1

[Event "ch-TKM women"]
[Site "Ashgabat TKM"]
[Date "2000.04.23"]
[Round "4"]
[White "Masumova,S"]
[Black "Atbashieva,G"]
[Result "0-1"]
[WhiteElo "2101"]
[BlackElo "2237"]

1.d4 Nf6 2.c4 e6 3.Nc3 Bb4 4.Qc2 O-O 5.Nf3 b6 6.e3 Bxc3+ 7.Qxc3 Ne4 8.Qc2 Bb7
9.Be2 f5 10.O-O Rf6 11.Ne1 Rh6 12.Nd3 Qh4 13.h3 Ng5 14.Nf4 Bxg2 15.Nxg2 Qxh3
16.f3 Qg3  0-1

[Event "Israeli League"]
[Site "Ramat Aviv ISR"]
[Date "2000.04.28"]
[Round "9"]
[White "Kaganskiy,G"]
[Black "Gruenfeld,Y"]
[Result "0-1"]
[WhiteElo "2298"]
[BlackElo "2523"]

1.d4 Nf6 2.c4 e6 3.Nc3 Bb4 4.Qc2 O-O 5.Bf4 d5 6.e3 c5 7.dxc5 Bxc5 8.Rd1 Qa5
9.Nf3 Nc6 10.Nd2 e5 11.Bg5 d4 12.Nb3 Qb6 13.Nxc5 Qxc5 14.Bxf6 dxc3 15.Bh4 Bg4
16.Be2 Bxe2 17.Qxe2 cxb2 18.O-O Na5 19.Qxb2 Qxc4 20.Qxe5 Qxa2 21.Bf6 Qe6
22.Bxg7 Qxe5 23.Bxe5 Rfe8 24.Rd5 Nc6 25.Bb2 h6 26.Rh5 Re6 27.f4 Rd8 28.f5 Red6
29.e4 Re8 30.Rh3 Rxe4 31.Rg3+ Kf8 32.Ba3 Nb4 33.f6 a5 34.Rh3 Ke8 35.Rxh6 Kd7
36.Rh8 Kc6 37.Rh7 Rd7 38.Rh5 b6 39.Rc1+ Kb7 40.Rb1 Nd5 41.Bc5 Rf4 42.Bf2 Rb4
43.Rf1 a4 44.Rf5 a3 45.Rf3 Ra4 46.Ra1 a2 47.Be1 Kc6 48.Rf2 Rda7 49.Rc2+ Kb7
50.Rb2 Ra8 51.h4 Kc6 52.Rc2+ Kd7 53.Rb2 Ke6 54.Rb5 Re4 55.Bf2 Rb4 56.Re1+ Kd6
57.Bg3+ Kc6 58.Rxb4 Nxb4 59.Be5 Nd3  0-1

[Event "Kaissa CC"]
[Site "Kharkov UKR"]
[Date "2000.05.03"]
[Round "6"]
[White "Budnikov,O"]
[Black "Tomashevsky,E2"]
[Result "0-1"]
[WhiteElo "2363"]
[BlackElo "2348"]

1.d4 Nf6 2.c4 e6 3.Nc3 Bb4 4.Qc2 O-O 5.a3 Bxc3+ 6.Qxc3 b6 7.Bg5 c5 8.dxc5 bxc5
9.e3 h6 10.Bxf6 Qxf6 11.Qxf6 gxf6 12.O-O-O Rd8 13.Ne2 Bb7 14.Nc3 Kf8 15.Nb5 Na6
16.f3 Ke7 17.e4 Bc6 18.Nc3 d6 19.Be2 Nb8 20.Rd3 Bb7 21.Rhd1 Nc6 22.Nb5 Ba6
23.Rc3 Rab8 24.Bf1 Rb6 25.f4 Bb7 26.Rh3 a6 27.Nc3 Nd4 28.Rxh6 Rb8 29.Re1 Bc6
30.Nd5+ Bxd5 31.exd5 Rxb2 32.Bd3 Ra2 33.Re3 Ra1+ 34.Kd2 Rb2+ 35.Kc3 Raa2  0-1

[Event "New York Open"]
[Site "New York USA"]
[Date "2000.05.07"]
[Round "5"]
[White "Andrews,T"]
[Black "Wedberg,T"]
[Result "0-1"]
[WhiteElo "2254"]
[BlackElo "2487"]

1.d4 Nf6 2.c4 e6 3.Nc3 Bb4 4.Qc2 O-O 5.a3 Bxc3+ 6.Qxc3 Ne4 7.Qc2 f5 8.Nh3 d6
9.e3 e5 10.f3 Nf6 11.dxe5 dxe5 12.Be2 a5 13.Bd2 c5 14.Bc3 Nc6 15.Nf2 Be6
16.O-O Qe7 17.Rfe1 Rae8 18.b3 b6 19.Bb2 Bc8 20.Nd1 f4 21.Bf1 fxe3 22.Rxe3 Qf7
23.Nf2 Nd4 24.Bxd4 exd4 25.Ree1 Re7 26.Bd3 Rfe8 27.Qd2 Bb7 28.Rxe7 Qxe7 29.b4 axb4
30.axb4 cxb4 31.Rb1 Nd7 32.Bf1 Qe3 33.Qxb4 Ne5 34.Qxb6 Nxf3+ 35.gxf3 Qg5+
36.Ng4 Bxf3 37.h3 Qf4 38.Qb2 h5 39.Qh2 Qe4 40.Nh6+ gxh6 41.Qg3+ Kf7 42.Bd3 Qe3+
43.Kh2 Qd2+  0-1

[Event "FSIM May"]
[Site "Budapest HUN"]
[Date "2000.05.11"]
[Round "6"]
[White "Rajlich,V"]
[Black "Vadasz,L"]
[Result "1/2-1/2"]
[WhiteElo "2309"]
[BlackElo "2285"]

1.d4 Nf6 2.c4 e6 3.Nc3 Bb4 4.Qc2 O-O 5.a3 Bxc3+ 6.Qxc3 b6 7.Bg5 Bb7 8.Nf3 d6
9.Nd2 Nbd7 10.f3 d5 11.e3 c5 12.dxc5 bxc5 13.Bd3 Qb6 14.cxd5 exd5 15.O-O Ba6
16.Bxa6 Qxa6 17.Bxf6 Qxf6 18.Qxf6 Nxf6 19.Rac1 Rab8 20.Rxc5 Rxb2 21.Rf2 h6
22.Nf1 Rb1 23.Ra5 Rc8 24.Rxa7 Ra1 25.g4 Rc3 26.Kg2 Rcxa3 27.Rxa3 Rxa3 28.Rd2 g6
29.h4 Ra5 30.Ng3 Ne8 31.h5 Nf6 32.hxg6 fxg6 33.Ne2 Kf7 34.Rb2 Ra7 35.Kg3 g5
36.Nd4 h5 37.gxh5 Nxh5+ 38.Kf2 Nf6 39.Rb6 g4 40.fxg4 Nxg4+ 41.Kf3 Ne5+ 42.Kf4 Nc4
43.Rc6 Ra1  1/2-1/2

[Event "Cat IV Women"]
[Site "Banja Dvorovi YUG"]
[Date "2000.05.12"]
[Round "6"]
[White "Nestorovic,I"]
[Black "Dojkova,G"]
[Result "1-0"]
[WhiteElo "2111"]
[BlackElo "2087"]

1.d4 Nf6 2.c4 e6 3.Nc3 Bb4 4.Qc2 O-O 5.a3 Bxc3+ 6.Qxc3 Ne4 7.Qc2 f5 8.e3 b6
9.Nf3 Bb7 10.b3 d6 11.Bb2 Nd7 12.O-O-O b5 13.c5 dxc5 14.dxc5 Nexc5 15.b4 Ne4
16.Bxb5 Bd5 17.Bc6 Nb6 18.Ne5 a5 19.f3 Nd6 20.Bxa8 Qxa8 21.Rd4 Rc8 22.Kd2 c5
23.bxc5 Nb7 24.Nd3 Nd7 25.Qc3 Nf6 26.Rc1 Nd6 27.Ra4 Bxf3 28.Qxa5 Nde4+ 29.Kc2 Nd5
30.Qxa8 Nxe3+ 31.Kb1 Nd2+ 32.Ka2 Bxa8 33.c6 Bxc6 34.Nb4 Bxa4 35.Rxc8+ Kf7
36.Rc7+ Ke8 37.Rc3 Nxg2 38.Rg3 Ne1 39.Bc3 Nef3 40.Bxd2 Nxd2 41.Rxg7 f4 42.Rg2 Ne4
43.Nd3 f3 44.Rg4 Bc6 45.Rf4 Ng5 46.Nf2 e5 47.Rf5 Nf7 48.Ng4 Bd5+ 49.Kb2 Be6
50.Nf6+ Ke7 51.Rxf3 Ng5 52.Rf1 Bh3 53.Nd5+ Kd6 54.Rd1 Bg4 55.Rg1 h5 56.Nf6 Nf3
57.Rg2 Kc5 58.Nxg4 hxg4 59.Kc3 Kd5 60.a4 e4 61.a5 Kc6 62.Rb2 e3 63.a6  1-0

[Event "FSFM May"]
[Site "Budapest HUN"]
[Date "2000.05.14"]
[Round "9"]
[White "Szirmai,Ed"]
[Black "Kievelitz,B"]
[Result "1-0"]
[WhiteElo "2204"]
[BlackElo "2168"]

1.d4 Nf6 2.c4 e6 3.Nc3 Bb4 4.Qc2 O-O 5.Nf3 b6 6.Bg5 d5 7.e3 Bb7 8.Bd3 h6
9.Bh4 Nbd7 10.O-O dxc4 11.Bxc4 Bxc3 12.bxc3 c5 13.Rfd1 Qc7 14.Bg3 Qc6 15.Rac1 Rfc8
16.Qe2 a6 17.Qf1 b5 18.Bb3 c4 19.Bc2 Ne4 20.Bb1 Nb6 21.Ne5 Qe8 22.f3 Nxg3
23.hxg3 Nd7 24.Nxd7 Qxd7 25.e4 g6 26.Qe2 Re8 27.Kf2 Kg7 28.Qe3 Qe7 29.Rh1 Rh8
30.Rh4 a5 31.Rch1 h5 32.e5 Qa3 33.g4 Qb2+ 34.Kg3 Rag8 35.Qg5 Qxc3 36.Bxg6 Kf8
37.Qd8+  1-0

[Event "ch-IND"]
[Site "Mumbai IND"]
[Date "2000.05.16"]
[Round "2"]
[White "Sundararajan,K"]
[Black "Atanu,L"]
[Result "1-0"]
[WhiteElo "2433"]
[BlackElo "2426"]

1.d4 Nf6 2.c4 e6 3.Nc3 Bb4 4.Qc2 O-O 5.a3 Bxc3+ 6.Qxc3 b6 7.Bg5 Bb7 8.f3 d6
9.e4 c5 10.d5 Nbd7 11.Qc2 exd5 12.cxd5 b5 13.Nh3 Qb6 14.Be2 a5 15.O-O b4
16.Kh1 Ba6 17.Bxa6 Rxa6 18.Nf2 Ra7 19.Nd1 h6 20.Bh4 Rb8 21.a4 Ne8 22.Ne3 Qa6
23.Bg3 b3 24.Qc3 Rb4 25.Nf5 Ndf6 26.Rfd1 Nh5 27.Bh4 Nf4 28.Qe3 Ng6 29.Be1 Rb8
30.Bc3 f6 31.f4 Rf7 32.Ra3 Kh7 33.Kg1 Ne7 34.Ng3 Ng6 35.Bd2 Rfb7 36.Bc3 Nc7
37.Nf5 Re8 38.Qf3 Na8 39.h3 Rbb8 40.Bd2 Qb6 41.Rc1 c4+ 42.Kh2 Rbc8 43.Qe2 Qc5
44.Rxb3 Qxd5 45.Rb5 Qc6 46.Ng3 Nb6 47.b3 Rb8 48.Qg4 Qd7 49.Qxd7 Nxd7 50.bxc4 Nc5
51.Rcb1 Ra8 52.Rxa5 Rxa5 53.Bxa5 Nxa4 54.Bc7 Nc3 55.Rb8 Rxb8 56.Bxb8 Nxf4
57.Bxd6 Ne6 58.c5 Nd4 59.e5 Ncb5 60.exf6 gxf6 61.Bf4 Kg6 62.Kg1 Nc3 63.Kf2 Nd5
64.Be3 Nc6 65.Ne2 h5 66.Kf3 Kf5 67.Ng3+ Kg6 68.Ke4 Nde7 69.Ne2 f5+ 70.Kf3 Kf6
71.Nf4 Kg5 72.Nd5+ Kg6 73.Nxe7+ Nxe7 74.h4 Nc6 75.Kf4 Kf6 76.Bd2  1-0

[Event "Open"]
[Site "Pula CRO"]
[Date "2000.05.16"]
[Round "1"]
[White "Zufic,Z"]
[Black "Bistric,F"]
[Result "0-1"]
[WhiteElo "2164"]
[BlackElo "2474"]

1.d4 Nf6 2.c4 e6 3.Nc3 Bb4 4.Qc2 O-O 5.a3 Bxc3+ 6.Qxc3 d6 7.f3 Nh5 8.g3 f5
9.Nh3 Nc6 10.Bg2 a5 11.b3 Bd7 12.Bd2 Qe7 13.e3 a4 14.b4 e5 15.O-O-O Nf6 16.Rhe1 Qe8
17.Nf2 b5 18.c5 Qf7 19.Qb2 Be6 20.Kb1 Bc4 21.Bc3 Rae8 22.f4 e4 23.Rg1 Ne7
24.h3 Ned5 25.Rde1 h5 26.Bh1 Qe6 27.Qc1 Kf7 28.Nd1 Rd8 29.Nb2 Bb3 30.Bg2 dxc5
31.dxc5 Nxc3+ 32.Qxc3 Rd7 33.Bf1 c6 34.Be2 Rfd8 35.Rg2 g6 36.g4 hxg4 37.hxg4 fxg4
38.Reg1 Ba2+ 39.Ka1 Qb3 40.Qxb3+ Bxb3 41.Bxg4 Rd2 42.Bh3 Rxg2 43.Rxg2 Nd5
44.Rg3 Kf6 45.Kb1 Nc3+ 46.Ka1 Rh8 47.Bg2 Rh2 48.Rg5 Be6  0-1

[Event "FSIM May"]
[Site "Budapest HUN"]
[Date "2000.05.17"]
[Round "12"]
[White "Rajlich,V"]
[Black "Yu Mingyuan"]
[Result "0-1"]
[WhiteElo "2309"]
[BlackElo "2419"]

1.d4 Nf6 2.c4 e6 3.Nc3 Bb4 4.Qc2 O-O 5.a3 Bxc3+ 6.Qxc3 b6 7.Bg5 Bb7 8.f3 d6
9.e4 c5 10.dxc5 bxc5 11.O-O-O Nc6 12.Bxf6 gxf6 13.Ne2 e5 14.Ng3 Nd4 15.Qe3 Kh8
16.Nh5 Rg8 17.g4 Rb8 18.h4 Bc6 19.g5 Ba4 20.Rd3 Qb6 21.Rh2 Nc2 22.Rxc2 Bxc2
23.Kxc2 Qxb2+ 24.Kd1 Qa1+ 25.Ke2 Rb2+ 26.Rd2 Rgb8 27.Qg1 Rxd2+ 28.Kxd2 Rb2+
29.Ke3 Qc1+  0-1

[Event "Open"]
[Site "Pula CRO"]
[Date "2000.05.22"]
[Round "7"]
[White "Medic,Mir"]
[Black "Zelcic,R"]
[Result "0-1"]
[WhiteElo "2277"]
[BlackElo "2529"]

1.d4 Nf6 2.c4 e6 3.Nc3 Bb4 4.Qc2 O-O 5.Bg5 c5 6.e3 cxd4 7.exd4 b6 8.Bd3 h6
9.Bh4 Bb7 10.f3 Nc6 11.Ne2 Be7 12.a3 d5 13.cxd5 Nxd5 14.Bf2 Rc8 15.O-O Na5
16.Qd1 Nc4 17.Nxd5 Bxd5 18.Bxc4 Rxc4 19.Rc1 Bg5 20.Rxc4 Bxc4 21.Re1 Qd7 22.Nc3 Rd8
23.Qc2 Ba6 24.Rd1 Bb7 25.Qe2 Bd5 26.Be3 Bc4 27.Qf2 Be7 28.Qg3 Kf8 29.Qg4 Bb3
30.Rd2 Qc8 31.Ne2 Rd5 32.Qe4 Kg8 33.Qd3 Qc4 34.Qxc4 Bxc4 35.Nc3 Rd7 36.Kf2 g5
37.h4 Kg7 38.hxg5 hxg5 39.Rd1 Kg6 40.Rc1 f5 41.Ke1 Bf6 42.Rd1 Rh7 43.Bg1 Rh1
44.Kd2 Bb3 45.Re1 Rh7 46.Rc1 Rd7 47.Ne2 Ba4 48.Rc4 Bb5 49.Rb4 Bc6 50.Rc4 Bb7
51.Ra4 a5 52.Rc4 e5 53.Ke1 e4 54.f4 gxf4 55.Nxf4+ Kg5 56.Be3 Kg4 57.Kf2 Bh4+
58.Kg1 Bg5 59.g3 Kxg3 60.Ne2+ Kf3 61.Bxg5 Rg7 62.Kf1 Rxg5 63.Ng1+ Ke3  0-1

[Event "City-ch"]
[Site "Lisbon POR"]
[Date "2000.06.01"]
[Round "11"]
[White "Ferreira,N"]
[Black "Rodrigues,R"]
[Result "1/2-1/2"]
[WhiteElo "2208"]
[BlackElo "2128"]

1.d4 Nf6 2.c4 e6 3.Nc3 Bb4 4.Qc2 O-O 5.Nf3 c5 6.dxc5 Bxc5 7.a3 d5 8.e3 b6
9.Bd3 Bb7 10.cxd5 exd5 11.O-O Re8 12.b4 Bf8 13.Bb2 Nbd7 14.Rfd1 Rc8 15.Qb3 a6
16.Rac1 Rc7 17.Be2 Qa8 18.Na4 Rxc1 19.Rxc1 b5 20.Nc3 Rc8 21.a4 bxa4 22.Nxa4 Rxc1+
23.Bxc1 Qc8 24.Bb2 Qc7 25.h3 Ne4 26.Nc3 Ndf6 27.Nxe4 Nxe4 28.Bd3 Qb6 29.Bxe4 dxe4
30.Ne5 Qc7 31.Qc3 Qd6 32.Qc4 Qd5 33.Qxd5 Bxd5 34.Bc3 f5 35.Kf1 Bd6 36.Ke1 Bxe5
37.Bxe5 Bc4 38.h4 h5 39.Kd2 Kf7 40.Kc3 Bf1 41.g3  1/2-1/2

[Event "Guillermo Garcia Premier I"]
[Site "Santa Clara CUB"]
[Date "2000.06.01"]
[Round "7"]
[White "Vera,R"]
[Black "Roeder,M"]
[Result "1-0"]
[WhiteElo "2546"]
[BlackElo "2413"]

1.d4 Nf6 2.c4 e6 3.Nc3 Bb4 4.Qc2 O-O 5.a3 Bxc3+ 6.Qxc3 Ne4 7.Qc2 f5 8.Nh3 d6
9.f3 Nf6 10.Bd2 Qe7 11.O-O-O Nbd7 12.e3 b6 13.Nf4 Bb7 14.d5 exd5 15.cxd5 Ne5
16.Bc3 Rf7 17.h4 Ng6 18.Nxg6 hxg6 19.Qd2 Re8 20.Bb5 Nd7 21.Bxd7 Qxd7 22.h5 gxh5
23.Rxh5 Kf8 24.e4 f4 25.Qf2 Qd8 26.Rh8+ Ke7 27.Qh4+  1-0

[Event "Dutch Team Championships"]
[Site "Breda NED"]
[Date "2000.06.02"]
[Round "2"]
[White "Brenninkmeijer,J"]
[Black "Van der Wiel,J"]
[Result "1/2-1/2"]
[WhiteElo "2499"]
[BlackElo "2558"]

1.d4 Nf6 2.c4 e6 3.Nc3 Bb4 4.Qc2 O-O 5.a3 Bxc3+ 6.Qxc3 d6 7.Bg5 Nbd7 8.e3 b6
9.f3 c5 10.Nh3 h6 11.Bh4 Ba6 12.dxc5 bxc5 13.Bg3 d5 14.Rd1 Qb6 15.Rd2 Rfd8
16.b3 d4 17.exd4 cxd4 18.Qb4 e5 19.Qxb6 axb6 20.Nf2 Bb7 21.Rb2 Re8 22.Bd3 e4
23.fxe4 Bxe4 24.O-O Nc5 25.Nxe4 Nfxe4 26.Bxe4 Rxe4 27.b4 Na4 28.Rbf2 f6 29.Bd6 Nc3
30.Ra1 Re6 31.c5 Nb5 32.a4 Nxd6 33.cxd6 Rxd6 34.a5 d3 35.Rd2 bxa5 36.bxa5 Raa6
37.Ra3 h5 38.h4 Kf7 39.Kf2 Rd4 40.g3 Rd5 41.Rdxd3 Rdxa5  1/2-1/2

[Event "FSGM June"]
[Site "Budapest HUN"]
[Date "2000.06.03"]
[Round "1"]
[White "Markus,R"]
[Black "Belichev,N"]
[Result "0-1"]
[WhiteElo "2436"]
[BlackElo "2414"]

1.d4 Nf6 2.c4 e6 3.Nc3 Bb4 4.Qc2 O-O 5.a3 Bxc3+ 6.Qxc3 Ne4 7.Qc2 f5 8.g3 b6
9.Bg2 Bb7 10.Nf3 Nf6 11.O-O Be4 12.Qc3 Qe8 13.Ne1 Bxg2 14.Nxg2 d6 15.b3 Nbd7
16.Bb2 Qf7 17.Rad1 Rae8 18.f3 g5 19.Qc2 Qg6 20.c5 Nd5 21.cxd6 cxd6 22.Rc1 N7f6
23.a4 Rf7 24.Qd3 Rd8 25.Ba3 Kg7 26.Rc6 Rfd7 27.Rfc1 f4 28.Qxg6+ Kxg6 29.gxf4 gxf4
30.Kf2 Kf7 31.Rc8 Ne8 32.Ne1 Ng7 33.Rxd8 Rxd8 34.Rc4 Nf5 35.Bc1 Nfe3 36.Bxe3 fxe3+
37.Kf1 Ke7 38.Nd3 Kd7 39.Nb4 Nxb4 40.Rxb4 Rc8 41.d5 exd5 42.f4 Rc2 43.a5 bxa5
44.Ra4 Rc5 45.Kg2 Rb5 46.Kf3 Rxb3 47.Rxa5 d4 48.Rxa7+ Ke6 49.Rxh7 d5 50.Rg7 Rb1
51.Rg6+ Kf7 52.Rg2 Rf1+ 53.Kg3 Kg6 54.h4 Kf5 55.Rh2 Ke4 56.h5 Rg1+ 57.Rg2 Rh1
58.Rh2 Rxh2 59.Kxh2 d3 60.exd3+ Kf3  0-1

[Event "Guillermo Garcia Premier I"]
[Site "Santa Clara CUB"]
[Date "2000.06.05"]
[Round "10"]
[White "Vera,R"]
[Black "Mateo,Ra"]
[Result "1/2-1/2"]
[WhiteElo "2546"]
[BlackElo "2408"]

1.d4 Nf6 2.c4 e6 3.Nc3 Bb4 4.Qc2 O-O 5.a3 Bxc3+ 6.Qxc3 b6 7.Bg5 Bb7 8.e3 d6
9.f3 Nbd7 10.Nh3 h6 11.Bh4 c5 12.dxc5 bxc5 13.Be2 d5 14.O-O Qb6 15.Rfd1 a5
16.Bf2 a4 17.Rd2 Rfc8 18.Rc1 Qc7 19.Rdc2 Bc6 20.Bh4 Rab8 21.Bg3 e5 22.cxd5 Bxd5
23.Bc4 Bxc4 24.Qxc4 Rb3 25.Nf2 Qb7 26.Nd1 e4 27.Qxa4 exf3 28.gxf3 Nh7 29.Rf2 Ng5
30.Kg2 c4 31.Rxc4 Nc5 32.Qa5 Nd3 33.Rxc8+ Qxc8 34.Rf1 Nxb2 35.Qd2 Nc4 36.Qe2 Rxa3
37.h4 Ne6 38.Re1 Qa6 39.Kh1 Nc5 40.Rg1 Ra2 41.Qf1 Qe6 42.Bf4 Rc2 43.Rg2 Rc1
44.e4 Rb1 45.Rg1 Qf6 46.Qxc4 Qxf4 47.Qxc5 Qxf3+ 48.Kh2 Qf4+ 49.Kh3 Qf3+ 50.Kh2 Qxe4
51.Qf2 Rb4 52.Qg3 Qxh4+ 53.Qxh4 Rxh4+ 54.Kg3 g5 55.Ne3 h5 56.Kf3 f6 57.Nd5 Kf7
58.Ra1 Rd4 59.Ra7+ Ke6 60.Nc7+ Kf5 61.Ra5+ Kg6 62.Ne6 Rd6 63.Nc7 Rd3+ 64.Ke2 Rd6
65.Nd5 Re6+ 66.Ne3 h4 67.Kf3 h3 68.Ra8 Kg7 69.Ra7+ Kg6 70.Ra8  1/2-1/2

[Event "FSIMB June"]
[Site "Budapest HUN"]
[Date "2000.06.06"]
[Round "4"]
[White "Yu Mingyuan"]
[Black "Vadasz,L"]
[Result "1-0"]
[WhiteElo "2419"]
[BlackElo "2285"]

1.d4 Nf6 2.c4 e6 3.Nc3 Bb4 4.Qc2 O-O 5.a3 Bxc3+ 6.Qxc3 b6 7.Bg5 Bb7 8.f3 d5
9.e3 Nbd7 10.cxd5 exd5 11.Bd3 Re8 12.Ne2 h6 13.Bh4 c5 14.O-O Qe7 15.Bf2 a5
16.dxc5 bxc5 17.Rac1 Ne5 18.Bb5 Rec8 19.Ng3 g6 20.Ne2 c4 21.Nf4 Bc6 22.Bxc6 Rxc6
23.Rcd1 Rd6 24.e4 Rc8 25.Bd4  1-0

[Event "FSGM June"]
[Site "Budapest HUN"]
[Date "2000.06.09"]
[Round "7"]
[White "Markus,R"]
[Black "Lukacs,P"]
[Result "1/2-1/2"]
[WhiteElo "2436"]
[BlackElo "2460"]

1.d4 Nf6 2.c4 e6 3.Nc3 Bb4 4.Qc2 O-O 5.a3 Bxc3+ 6.Qxc3 Ne4 7.Qc2 f5 8.e3 b6
9.Bd3 Bb7 10.Ne2 Qh4 11.O-O Rf6 12.f3 Ng5 13.Nf4 Nc6 14.Qf2 Qh6 15.b4 Ne7
16.Bb2 d6 17.d5 Ng6  1/2-1/2

[Event "FSIMB June"]
[Site "Budapest HUN"]
[Date "2000.06.11"]
[Round "9"]
[White "Keatinge Clay,A"]
[Black "Eperjesi,L"]
[Result "0-1"]
[WhiteElo "2287"]
[BlackElo "2365"]

1.d4 Nf6 2.c4 e6 3.Nc3 Bb4 4.Qc2 O-O 5.a3 Bxc3+ 6.Qxc3 d6 7.Bg5 Nbd7 8.f3 h6
9.Bh4 e5 10.e3 Qe8 11.Bd3 e4 12.Bc2 d5 13.b3 Qe6 14.Ne2 exf3 15.gxf3 Re8
16.Kf2 b6 17.Nf4 Qc6 18.Bxf6 Nxf6 19.Nd3 Bb7 20.Ne5 Qe6 21.Qd3 c5 22.Qf5 cxd4
23.exd4 Qd6 24.Rad1 Bc8 25.Qf4 Rd8 26.Rhg1 Kf8 27.Rxg7 Kxg7 28.Rg1+ Kf8 29.Qxh6+ Ke7
30.Qg7 Be6 31.c5 bxc5 32.Bf5 Rg8 33.Ng6+ Kd8 34.Qxf6+ Kc7 35.Ne5 Rxg1 36.Kxg1 cxd4
37.Nxf7 Bxf7 38.Qxf7+  0-1